Los salvadoreños opinan sobre lo que debe hacer la Procuradora de Derechos Humanos
Na minha lista:
| Formato: | Texto |
|---|---|
| Assuntos: | |
| Tags: |
Adicionar Tag
Sem tags, seja o primeiro a adicionar uma tag!
|
MARC
| LEADER | 00000 a a2200000 04500 | ||
|---|---|---|---|
| 001 | 5943 | ||
| 003 | |||
| 040 | |||
| 245 | |a Los salvadoreños opinan sobre lo que debe hacer la Procuradora de Derechos Humanos | ||
| 650 | |a OPINION PUBLICA | ||
| 650 | |a ENCUESTAS | ||
| 650 | |a DERECHOS HUMANOS | ||
| 650 | |a INSTITUCIONES PUBLICAS | ||
| 650 | |a SOCIEDAD CIVIL | ||
| 650 | |a VIOLENCIA | ||
| 650 | |a ONU | ||
| 773 | |g volumen 15, número 656; páginas 8-10 | ||
| 999 | |c 32962 |d 32962 | ||
